000 00484nam a2200205Ia 4500
005 20240823013957.0
008 240823s9999||||xx |||||||||||||| ||und||
020 _a81-297-0366-6
041 _aENGLISH
082 _A658.81 P4
100 _a"Jobber,David"
245 0 _aSelling and Sales Management
250 _a6th
260 _c2004
_b"Pearson,"
500 _aYES
650 _aSales
_bManagement Studies
700 _a" Lancaster,Geoff"
942 _cBK
999 _c168766
_d168766